[Event "V4 OPEN - International Championship of Slovakia 2
[Site "Banska Stiavnica"]
[Date "2013.07.13"]
[Round "8"]
[Board "26"]
[White "Hladik, Lumir"]
[Black "Ruckschloss, Karol"]
[Result "1/2-1/2"]
[WhiteElo "2045"]
[BlackElo "2283"]
[PlyCount "0"]
[EventDate "2013.07.06"]
[EventRounds "9"]
[EventCountry "SVK"]

1. e4 {[%clk 1:30:55]} d6 {[%clk 1:30:53]} 2. d4 {[%clk 1:31:11]} Nf6
{[%clk 1:31:18]} 3. Nc3 {[%clk 1:31:18]} g6 {[%clk 1:31:36]} 4. Nf3
{[%clk 1:30:47]} Bg7 {[%clk 1:31:51]} 5. h3 {[%clk 1:30:27]} c6 {[%clk 1:31:05]}
6. a4 {[%clk 1:30:19]} O-O {[%clk 1:30:24]} 7. Be3 {[%clk 1:29:41]} b6
{[%clk 1:28:39]} 8. Bd3 {[%clk 1:29:02]} Ba6 {[%clk 1:28:35]} 9. O-O
{[%clk 1:26:45]} Re8 {[%clk 1:26:17]} 10. Re1 {[%clk 1:26:33]} Qc8
{[%clk 1:19:02]} 11. a5 {[%clk 1:19:40]} Bxd3 {[%clk 1:14:48]} 12. Qxd3
{[%clk 1:18:59]} b5 {[%clk 1:14:12]} 13. e5 {[%clk 1:17:40]} dxe5
{[%clk 1:12:38]} 14. dxe5 {[%clk 1:14:05]} Rd8 {[%clk 1:09:02]} 15. Qe2
{[%clk 1:13:47]} Nd5 {[%clk 1:09:22]} 16. Nxd5 {[%clk 1:13:39]} Rxd5
{[%clk 1:09:43]} 17. Red1 {[%clk 1:13:15]} e6 {[%clk 1:06:13]} 18. Rxd5
{[%clk 1:11:15]} exd5 {[%clk 1:05:56]} 19. Bf4 {[%clk 1:01:58]} Na6
{[%clk 1:03:33]} 20. Nd4 {[%clk 0:57:39]} Nc5 {[%clk 1:02:57]} 21. c3
{[%clk 0:51:45]} a6 {[%clk 1:02:23]} 22. b4 {[%clk 0:47:42]} Ne6 {[%clk 1:01:16]}
23. Bd2 {[%clk 0:47:37]} c5 {[%clk 1:00:09]} 24. Nxe6 {[%clk 0:40:39]} fxe6
{[%clk 0:55:23]} 25. Qg4 {[%clk 0:37:40]} Bf8 {[%clk 0:46:57]} 26. Be3
{[%clk 0:35:43]} Qd7 {[%clk 0:45:20]} 27. bxc5 Rc8 28. h4 {[%clk 0:34:21]} Qf7
{[%clk 0:43:17]} 29. Rd1 {[%clk 0:32:22]} Qf5 {[%clk 0:43:32]} 30. Qxf5
{[%clk 0:23:44]} gxf5 {[%clk 0:44:00]} 31. c4 {[%clk 0:23:54]} bxc4
{[%clk 0:44:00]} 32. Kf1 {[%clk 0:22:01]} Bxc5 {[%clk 0:43:30]} 33. Ke2
{[%clk 0:22:19]} Bxe3 {[%clk 0:41:55]} 34. Kxe3 {[%clk 0:21:48]} Rb8
{[%clk 0:41:54]} 35. Kd4 {[%clk 0:20:25]} Rb5 {[%clk 0:42:18]} 36. g4
{[%clk 0:19:50]} fxg4 {[%clk 0:42:10]} 37. Rg1 {[%clk 0:20:04]} h5
{[%clk 0:41:15]} 38. f3 {[%clk 0:20:31]} Rxa5 {[%clk 0:41:28]} 39. fxg4
{[%clk 0:20:52]} hxg4 {[%clk 0:41:44]} 40. Rxg4+ {[%clk 0:21:15]} Kf7
{[%clk 0:42:05]} 41. Rf4+ {[%clk 0:21:31]} Ke7 {[%clk 0:42:28]} 42. Rg4
{[%clk 0:21:48]} Ra3 {[%clk 0:42:32]} 43. Rg7+ {[%clk 0:22:03]} Kf8
{[%clk 0:42:53]} 44. Rc7 {[%clk 0:20:54]} Rh3 {[%clk 0:41:05]} 45. Kc5
{[%clk 0:20:44]} Rxh4 {[%clk 0:40:27]} 46. Kd6 {[%clk 0:21:11]} Rh6
{[%clk 0:40:41]} 47. Rc8+ 1/2-1/2

[Event "V4 OPEN - International Championship of Slovakia 2
[Site "Banska Stiavnica"]
[Date "2013.07.13"]
[Round "8"]
[Board "27"]
[White "Jarmula, Lukasz"]
[Black "Mandak, Miroslav"]
[Result "1-0"]
[WhiteElo "2261"]
[BlackElo "1996"]
[PlyCount "0"]
[EventDate "2013.07.06"]
[EventRounds "9"]
[EventCountry "SVK"]

1. e4 {[%clk 1:30:58]} e6 {[%clk 1:30:43]} 2. d4 {[%clk 1:31:21]} d5
{[%clk 1:31:07]} 3. Nc3 {[%clk 1:31:31]} Bb4 {[%clk 1:31:23]} 4. a3
{[%clk 1:31:43]} Bxc3+ {[%clk 1:29:51]} 5. bxc3 {[%clk 1:31:37]} dxe4
{[%clk 1:29:45]} 6. Qg4 {[%clk 1:32:00]} Nf6 {[%clk 1:28:32]} 7. Qxg7
{[%clk 1:32:22]} Rg8 {[%clk 1:28:53]} 8. Qh6 {[%clk 1:32:47]} c5 {[%clk 1:26:55]}
9. Ne2 {[%clk 1:32:23]} Nbd7 {[%clk 1:22:59]} 10. Qe3 {[%clk 1:24:51]} b6
{[%clk 1:20:24]} 11. Ng3 {[%clk 1:25:12]} Bb7 {[%clk 1:20:25]} 12. Be2
{[%clk 1:25:28]} Qc7 {[%clk 1:19:55]} 13. O-O {[%clk 1:25:26]} O-O-O
{[%clk 1:18:10]} 14. a4 {[%clk 1:19:02]} h5 {[%clk 1:13:16]} 15. Bxh5
{[%clk 1:10:12]} Nxh5 {[%clk 1:09:48]} 16. Nxh5 {[%clk 1:10:36]} Rh8
{[%clk 1:09:02]} 17. Ng3 {[%clk 1:10:24]} f5 {[%clk 1:03:14]} 18. Qf4
{[%clk 1:03:04]} Qxf4 {[%clk 1:02:01]} 19. Bxf4 {[%clk 1:03:26]} Rhg8
{[%clk 0:56:02]} 20. Be3 {[%clk 0:44:09]} Rdf8 {[%clk 0:48:48]} 21. Nh5
{[%clk 0:43:45]} e5 {[%clk 0:47:22]} 22. dxe5 {[%clk 0:43:20]} Nxe5
{[%clk 0:47:36]} 23. a5 {[%clk 0:39:45]} Nf3+ {[%clk 0:45:12]} 24. Kh1
{[%clk 0:39:44]} Rh8 {[%clk 0:40:20]} 25. gxf3 {[%clk 0:38:35]} Rxh5
{[%clk 0:40:42]} 26. Bf4 {[%clk 0:34:39]} Rh3 {[%clk 0:33:45]} 27. axb6
{[%clk 0:24:30]} axb6 {[%clk 0:32:42]} 28. fxe4 {[%clk 0:24:17]} fxe4
{[%clk 0:29:36]} 29. Bg3 {[%clk 0:24:05]} Rf3 {[%clk 0:25:22]} 30. Kg1
{[%clk 0:12:59]} Rxc3 {[%clk 0:18:59]} 31. Rfc1 {[%clk 0:12:59]} Rf3
{[%clk 0:13:30]} 32. Rd1 {[%clk 0:11:08]} e3 {[%clk 0:11:31]} 33. fxe3
{[%clk 0:10:53]} Rxe3 {[%clk 0:11:50]} 34. Rf1 {[%clk 0:06:04]} Rh8
{[%clk 0:11:04]} 35. Rad1 {[%clk 0:04:47]} b5 {[%clk 0:07:21]} 36. Rd3
{[%clk 0:02:47]} Re2 {[%clk 0:05:50]} 37. Rf7 {[%clk 0:02:14]} Rg2+
{[%clk 0:02:20]} 38. Kf1 {[%clk 0:02:37]} Rxg3 {[%clk 0:01:52]} 39. Rxg3
{[%clk 0:02:46]} Bd5 {[%clk 0:02:02]} 40. Rf5 {[%clk 0:01:25]} Bc4+
{[%clk 0:00:49]} 41. Kg2 {[%clk 0:01:18]} Kd7 {[%clk 0:28:39]} 42. Rxc5
{[%clk 0:29:20]} Kd6 {[%clk 0:26:52]} 43. Rf5 {[%clk 0:28:52]} Rh6
{[%clk 0:25:03]} 44. Rfg5 {[%clk 0:25:16]} Rh8 {[%clk 0:23:04]} 45. Ra3
{[%clk 0:24:47]} Kc6 {[%clk 0:19:12]} 46. Ra6+ {[%clk 0:24:36]} Kb7
{[%clk 0:19:30]} 47. Rf6 {[%clk 0:24:46]} Rd8 {[%clk 0:18:21]} 48. Rg7+
{[%clk 0:23:33]} Kb8 {[%clk 0:18:03]} 49. h4 {[%clk 0:23:01]} 1-0

[Event "V4 OPEN - International Championship of Slovakia 2
[Site "Banska Stiavnica"]
[Date "2013.07.13"]
[Round "8"]
[Board "28"]
[White "Zvarik, Martin"]
[Black "Kumala, Aleksander"]
[Result "1/2-1/2"]
[WhiteElo "2235"]
[BlackElo "1954"]
[PlyCount "0"]
[EventDate "2013.07.06"]
[EventRounds "9"]
[EventCountry "SVK"]

1. e4 {[%clk 1:24:23]} e5 {[%clk 1:29:52]} 2. Nf3 {[%clk 1:24:45]} Nc6
{[%clk 1:30:19]} 3. Bb5 {[%clk 1:23:24]} f5 {[%clk 1:30:45]} 4. Nc3
{[%clk 1:20:45]} fxe4 {[%clk 1:31:10]} 5. Nxe4 {[%clk 1:20:51]} Nf6
{[%clk 1:31:36]} 6. Ng3 {[%clk 1:16:23]} e4 {[%clk 1:17:18]} 7. Nh4
{[%clk 0:53:14]} Nd4 {[%clk 1:05:19]} 8. Ba4 {[%clk 0:50:28]} b5 {[%clk 1:04:55]}
9. Bb3 {[%clk 0:45:30]} g5 {[%clk 1:04:55]} 10. Nxe4 {[%clk 0:30:56]} Nxb3
{[%clk 0:48:02]} 11. O-O {[%clk 0:23:12]} gxh4 {[%clk 0:33:25]} 12. axb3
{[%clk 0:21:41]} Bg7 {[%clk 0:32:12]} 13. Nxf6+ {[%clk 0:21:26]} Qxf6
{[%clk 0:32:28]} 14. Qh5+ {[%clk 0:19:29]} Qg6 {[%clk 0:29:11]} 15. Qxb5
{[%clk 0:17:42]} h3 {[%clk 0:27:13]} 16. g3 {[%clk 0:16:56]} h5 {[%clk 0:25:33]}
17. Re1+ {[%clk 0:13:40]} Kd8 {[%clk 0:25:47]} 18. d3 {[%clk 0:14:04]} Bf6
{[%clk 0:21:21]} 19. Bf4 {[%clk 0:14:08]} a6 {[%clk 0:12:25]} 20. Bxc7+
{[%clk 0:11:33]} Kxc7 {[%clk 0:12:53]} 21. Qc5+ {[%clk 0:11:16]} Kb7
{[%clk 0:08:45]} 22. Qd6 {[%clk 0:10:04]} Qf5 {[%clk 0:07:17]} 23. Ra4
{[%clk 0:10:08]} a5 {[%clk 0:06:21]} 24. Rc4 {[%clk 0:10:33]} Ra6
{[%clk 0:03:35]} 25. Rc7+ {[%clk 0:10:20]} Ka8 {[%clk 0:04:01]} 26. Rxc8+
{[%clk 0:10:45]} Rxc8 {[%clk 0:04:23]} 27. Qxa6+ {[%clk 0:11:06]} Kb8
{[%clk 0:04:51]} 28. Qb6+ {[%clk 0:08:34]} Ka8 {[%clk 0:05:20]} 29. Qa6+
{[%clk 0:05:21]} Kb8 {[%clk 0:05:49]} 30. Qb6+ {[%clk 0:05:36]} 1/2-1/2

[Event "V4 OPEN - International Championship of Slovakia 2
[Site "Banska Stiavnica"]
[Date "2013.07.13"]
[Round "8"]
[Board "29"]
[White "Sturc, Jan"]
[Black "Sosovicka, Juraj"]
[Result "0-1"]
[WhiteElo "1999"]
[BlackElo "2201"]
[PlyCount "0"]
[EventDate "2013.07.06"]
[EventRounds "9"]
[EventCountry "SVK"]

1. c4 {[%clk 1:30:49]} e5 {[%clk 1:26:33]} 2. Nc3 {[%clk 1:30:53]} Nf6
{[%clk 1:26:45]} 3. Nf3 {[%clk 1:30:59]} Nc6 {[%clk 1:26:34]} 4. g3
{[%clk 1:29:16]} d5 {[%clk 1:25:51]} 5. cxd5 {[%clk 1:29:02]} Nxd5
{[%clk 1:26:16]} 6. Bg2 {[%clk 1:28:59]} Nb6 {[%clk 1:26:20]} 7. O-O
{[%clk 1:28:11]} Be7 {[%clk 1:26:28]} 8. a3 {[%clk 1:26:02]} O-O {[%clk 1:26:22]}
9. b4 {[%clk 1:25:18]} Be6 {[%clk 1:23:43]} 10. Bb2 {[%clk 1:21:24]} Nc4
{[%clk 1:20:14]} 11. Bc1 {[%clk 1:21:21]} a5 {[%clk 1:17:10]} 12. b5
{[%clk 1:20:01]} Nd4 {[%clk 1:16:32]} 13. d3 {[%clk 1:11:36]} Nb6
{[%clk 1:14:20]} 14. Bb2 {[%clk 1:07:19]} f6 {[%clk 1:10:34]} 15. Nd2
{[%clk 1:01:52]} Nd5 {[%clk 1:01:47]} 16. Nxd5 {[%clk 0:49:10]} Bxd5
{[%clk 1:02:04]} 17. Bxd5+ {[%clk 0:42:40]} Qxd5 {[%clk 1:02:31]} 18. a4
{[%clk 0:41:56]} Bb4 {[%clk 0:57:30]} 19. Nc4 {[%clk 0:37:16]} Rae8
{[%clk 0:51:03]} 20. Rc1 {[%clk 0:36:49]} f5 {[%clk 0:47:07]} 21. Ne3
{[%clk 0:34:59]} Qf7 {[%clk 0:43:47]} 22. f4 {[%clk 0:31:37]} Nb3
{[%clk 0:32:06]} 23. fxe5 {[%clk 0:20:46]} Nxc1 {[%clk 0:29:54]} 24. Qxc1
{[%clk 0:20:40]} Qd7 {[%clk 0:23:33]} 25. Qc4+ {[%clk 0:16:43]} Kh8
{[%clk 0:22:39]} 26. Rf4 {[%clk 0:13:13]} Bd2 {[%clk 0:22:00]} 27. Rf3
{[%clk 0:11:58]} Bxe3+ {[%clk 0:19:49]} 28. Rxe3 {[%clk 0:12:25]} Re6
{[%clk 0:19:36]} 29. Rf3 {[%clk 0:12:04]} Rg6 {[%clk 0:17:09]} 30. e4
{[%clk 0:10:49]} f4 {[%clk 0:16:10]} 31. Bc1 {[%clk 0:09:49]} Qg4
{[%clk 0:13:33]} 32. Qc5 {[%clk 0:08:16]} Rf7 {[%clk 0:12:39]} 33. Rxf4
{[%clk 0:07:04]} Rxf4 {[%clk 0:11:15]} 34. Bxf4 {[%clk 0:07:22]} Qxf4
{[%clk 0:10:30]} 35. Qxc7 {[%clk 0:07:04]} h5 {[%clk 0:08:32]} 36. Qc8+
{[%clk 0:03:08]} Kh7 {[%clk 0:09:00]} 37. Qf5 {[%clk 0:03:36]} Qxf5
{[%clk 0:08:28]} 38. exf5 {[%clk 0:04:03]} Rg5 {[%clk 0:08:42]} 39. d4
{[%clk 0:01:52]} Rxf5 {[%clk 0:09:02]} 40. Kg2 {[%clk 0:01:40]} Kg6
{[%clk 0:08:59]} 0-1

[Event "V4 OPEN - International Championship of Slovakia 2
[Site "Banska Stiavnica"]
[Date "2013.07.13"]
[Round "8"]
[Board "30"]
[White "Kalisky, Vladimir"]
[Black "Kula, Dominik"]
[Result "1-0"]
[WhiteElo "2195"]
[BlackElo "1906"]
[PlyCount "0"]
[EventDate "2013.07.06"]
[EventRounds "9"]
[EventCountry "SVK"]

1. e4 {[%clk 1:30:56]} c5 {[%clk 1:30:57]} 2. Nf3 {[%clk 1:31:16]} Nc6
{[%clk 1:31:24]} 3. d4 {[%clk 1:31:36]} cxd4 {[%clk 1:31:51]} 4. Nxd4
{[%clk 1:31:57]} e5 {[%clk 1:32:19]} 5. Nb5 {[%clk 1:32:09]} a6 {[%clk 1:32:37]}
6. Nd6+ {[%clk 1:32:25]} Bxd6 {[%clk 1:33:03]} 7. Qxd6 {[%clk 1:32:45]} Qe7
{[%clk 1:33:30]} 8. Qd1 {[%clk 1:32:40]} Nf6 {[%clk 1:33:43]} 9. Nc3
{[%clk 1:32:56]} d6 {[%clk 1:33:31]} 10. Bg5 {[%clk 1:32:50]} Be6
{[%clk 1:33:12]} 11. Nd5 {[%clk 1:33:03]} Bxd5 {[%clk 1:32:10]} 12. exd5
{[%clk 1:33:27]} Nb8 {[%clk 1:30:32]} 13. Be2 {[%clk 1:33:50]} h6
{[%clk 1:28:59]} 14. Be3 {[%clk 1:34:15]} Qc7 {[%clk 1:27:18]} 15. O-O
{[%clk 1:33:39]} Nbd7 {[%clk 1:24:54]} 16. a4 {[%clk 1:28:04]} O-O
{[%clk 1:21:39]} 17. a5 {[%clk 1:24:58]} b6 {[%clk 1:19:27]} 18. axb6
{[%clk 1:13:23]} Nxb6 {[%clk 1:18:04]} 19. c4 {[%clk 1:13:47]} Rfc8
{[%clk 1:07:18]} 20. b3 {[%clk 0:48:23]} a5 {[%clk 1:01:46]} 21. Qd3
{[%clk 0:44:32]} Nbd7 {[%clk 0:59:05]} 22. Ra3 {[%clk 0:40:07]} Nc5
{[%clk 0:56:01]} 23. Qf5 {[%clk 0:38:13]} Qd7 {[%clk 0:48:51]} 24. Qxd7
{[%clk 0:38:29]} Nfxd7 {[%clk 0:49:15]} 25. Bg4 {[%clk 0:38:02]} Rcb8
{[%clk 0:48:27]} 26. Bxd7 {[%clk 0:31:39]} Nxd7 {[%clk 0:48:51]} 27. Rfa1
{[%clk 0:31:50]} Nb6 {[%clk 0:45:34]} 28. Kf1 {[%clk 0:30:29]} a4
{[%clk 0:45:12]} 29. Bxb6 {[%clk 0:27:39]} Rxb6 {[%clk 0:45:38]} 30. Rxa4
{[%clk 0:24:55]} Rxa4 {[%clk 0:45:21]} 31. bxa4 {[%clk 0:20:49]} Rb4
{[%clk 0:45:16]} 32. a5 {[%clk 0:20:14]} Rxc4 {[%clk 0:45:36]} 33. a6
{[%clk 0:20:37]} Rc8 {[%clk 0:45:53]} 34. a7 {[%clk 0:20:57]} Ra8
{[%clk 0:46:16]} 35. Ke2 {[%clk 0:21:11]} e4 {[%clk 0:42:28]} 36. Ke3
{[%clk 0:21:02]} f5 {[%clk 0:41:20]} 37. Kd4 {[%clk 0:21:26]} Kf7
{[%clk 0:34:30]} 38. Kc4 {[%clk 0:14:09]} Kf6 {[%clk 0:34:21]} 39. Kb5
{[%clk 0:14:18]} Ke5 {[%clk 0:34:40]} 40. Kc6 {[%clk 0:14:40]} f4
{[%clk 0:35:00]} 41. Ra4 {[%clk 0:12:39]} e3 {[%clk 0:34:07]} 42. f3
{[%clk 0:12:34]} Rc8+ {[%clk 0:30:33]} 43. Kb7 {[%clk 0:11:03]} Rf8
{[%clk 0:25:48]} 44. Re4+ {[%clk 0:04:01]} Kxd5 {[%clk 0:26:09]} 45. Rxf4
{[%clk 0:04:15]} Rxf4 {[%clk 0:25:54]} 46. a8=Q {[%clk 0:04:34]} Rc4
{[%clk 0:24:05]} 47. Kb6+ {[%clk 0:02:40]} Ke5 {[%clk 0:23:55]} 48. Qe8+
{[%clk 0:02:46]} 1-0

[Event "V4 OPEN - International Championship of Slovakia 2
[Site "Banska Stiavnica"]
[Date "2013.07.13"]
[Round "8"]
[Board "31"]
[White "Hros, Roman"]
[Black "Dolnak, Michal"]
[Result "0-1"]
[WhiteElo "1982"]
[BlackElo "2167"]
[PlyCount "0"]
[EventDate "2013.07.06"]
[EventRounds "9"]
[EventCountry "SVK"]

1. Nf3 {[%clk 1:30:53]} Nf6 {[%clk 1:30:50]} 2. g3 {[%clk 1:31:10]} g6
{[%clk 1:30:58]} 3. b3 {[%clk 1:30:58]} Bg7 {[%clk 1:31:20]} 4. Bb2
{[%clk 1:31:27]} O-O {[%clk 1:31:33]} 5. Bg2 {[%clk 1:31:26]} d5 {[%clk 1:31:51]}
6. c4 {[%clk 1:28:41]} e6 {[%clk 1:28:02]} 7. O-O {[%clk 1:27:19]} b6
{[%clk 1:25:42]} 8. e3 {[%clk 1:22:58]} Bb7 {[%clk 1:18:26]} 9. d3
{[%clk 1:15:25]} c5 {[%clk 1:17:25]} 10. Qe2 {[%clk 1:13:15]} Nc6
{[%clk 1:11:31]} 11. Ne1 {[%clk 1:06:26]} Qd7 {[%clk 0:54:36]} 12. f4
{[%clk 0:59:59]} Rad8 {[%clk 0:51:46]} 13. g4 {[%clk 0:53:08]} dxc4
{[%clk 0:47:52]} 14. bxc4 {[%clk 0:51:33]} Nb4 {[%clk 0:46:29]} 15. Bxb7
{[%clk 0:51:10]} Qxb7 {[%clk 0:46:44]} 16. a3 {[%clk 0:51:26]} Nc6
{[%clk 0:46:10]} 17. Nd2 {[%clk 0:44:40]} Qd7 {[%clk 0:35:49]} 18. Qg2
{[%clk 0:31:42]} Nxg4 {[%clk 0:27:28]} 19. Bxg7 {[%clk 0:22:44]} Nxe3
{[%clk 0:27:51]} 20. Qh3 {[%clk 0:18:31]} Nxf1 {[%clk 0:26:59]} 21. Bf6
{[%clk 0:16:50]} Nxd2 {[%clk 0:26:47]} 22. Qh6 {[%clk 0:16:51]} Qd4+
{[%clk 0:26:39]} 23. Bxd4 {[%clk 0:17:13]} Nxd4 {[%clk 0:26:21]} 24. Qh3
{[%clk 0:15:30]} Nf5 {[%clk 0:20:21]} 25. Qg2 {[%clk 0:13:27]} Nb3
{[%clk 0:20:04]} 26. Rb1 {[%clk 0:13:44]} Nbd4 {[%clk 0:19:16]} 27. Kf2
{[%clk 0:13:27]} Rd7 {[%clk 0:19:10]} 28. a4 {[%clk 0:12:13]} e5 {[%clk 0:17:29]}
29. a5 {[%clk 0:11:26]} exf4 {[%clk 0:16:44]} 30. axb6 {[%clk 0:11:35]} axb6
{[%clk 0:17:08]} 31. Rxb6 {[%clk 0:09:37]} Re7 {[%clk 0:15:11]} 32. Rb2
{[%clk 0:07:52]} Rfe8 {[%clk 0:15:31]} 0-1

[Event "V4 OPEN - International Championship of Slovakia 2
[Site "Banska Stiavnica"]
[Date "2013.07.13"]
[Round "8"]
[Board "32"]
[White "Pesztericz, Laszlo"]
[Black "Dzikowski, Michal"]
[Result "0-1"]
[WhiteElo "2132"]
[BlackElo "1904"]
[PlyCount "68"]
[EventDate "2013.07.06"]
[EventRounds "9"]
[EventCountry "SVK"]

1. e4 c6 2. Nf3 d5 3. exd5 cxd5 4. Ne5 Nc6 5. d4 Nxe5 6. dxe5 e6 7. Bd3 g6 8.
Nd2 Bg7 9. Nf3 Ne7 10. c3 Nc6 11. Bf4 a6 12. O-O O-O 13. Re1 b5 14. h4 Bb7 15.
Qe2 Qb6 16. Rad1 d4 17. Bg5 dxc3 18. bxc3 Qc5 19. Be4 Na5 20. Bxb7 Nxb7 21. Rd7
Qc8 22. Red1 Nc5 23. R7d4 Na4 24. Rc1 Nb6 25. h5 Nd5 26. c4 bxc4 27. Rdxc4 Qb7
28. hxg6 hxg6 29. Nd4 Rfc8 30. Nc6 Rc7 31. Qe4 Rac8 32. Qc2 Bf8 33. Qb3 Qa8 34.
Bf6 Rxc6 0-1

[Event "V4 OPEN - International Championship of Slovakia 2
[Site "Banska Stiavnica"]
[Date "2013.07.13"]
[Round "8"]
[Board "33"]
[White "Petras, Marian"]
[Black "Lukac, Roman"]
[Result "1-0"]
[WhiteElo "1954"]
[BlackElo "2126"]
[PlyCount "69"]
[EventDate "2013.07.06"]
[EventRounds "9"]
[EventCountry "SVK"]

1. e4 e5 2. Nc3 Nc6 3. Bc4 d6 4. d3 Nf6 5. h3 h6 6. f4 exf4 7. Bxf4 Be6 8. Bb3
g5 9. Be3 Bg7 10. Qe2 Bxb3 11. axb3 Qe7 12. Nf3 a6 13. Nd4 Nxd4 14. Bxd4 c6 15.
Rf1 Nh5 16. Qxh5 Bxd4 17. O-O-O Rh7 18. Qf3 Qe6 19. Ne2 Bh8 20. Ng3 O-O-O 21.
Nf5 h5 22. g3 Kc7 23. d4 Rd7 24. Rfe1 Qg6 25. d5 c5 26. b4 b6 27. bxc5 bxc5 28.
Qa3 Kb6 29. Rd3 Ka7 30. Rb3 Be5 31. Qa4 Rb7 32. Rxb7+ Kxb7 33. Qc6+ Ka7 34. Ne7
Qf6 35. Qc7+ 1-0

[Event "V4 OPEN - International Championship of Slovakia 2
[Site "Banska Stiavnica"]
[Date "2013.07.13"]
[Round "8"]
[Board "34"]
[White "Mondrzycki, Bartlomiej"]
[Black "Szostko, Jakub"]
[Result "1/2-1/2"]
[WhiteElo "2099"]
[BlackElo "1895"]
[PlyCount "136"]
[EventDate "2013.07.06"]
[EventRounds "9"]
[EventCountry "SVK"]

1. b3 e5 2. Bb2 Nc6 3. e3 Nf6 4. Bb5 Bd6 5. Ne2 a6 6. Bxc6 dxc6 7. d3 Qe7 8.
Nd2 Ba3 9. Bxa3 Qxa3 10. e4 Be6 11. h3 h5 12. Nf3 O-O-O 13. Qc1 Qa5+ 14. Qd2
Qxd2+ 15. Nxd2 Nd7 16. Nf1 c5 17. Ne3 f6 18. f4 Nb8 19. fxe5 fxe5 20. O-O Nc6
21. Rf2 Nd4 22. Raf1 b5 23. Nxd4 cxd4 24. Nf5 Rd7 25. Nh4 Re8 26. Ng6 Rd6 27.
Nh4 Rdd8 28. Kh2 Kd7 29. Kg3 g5 30. Nf3 h4+ 31. Kh2 Kd6 32. Nxg5 Rd7 33. Rf6
Rg7 34. Nf7+ Rxf7 35. Rxf7 Bxf7 36. Rxf7 Rg8 37. Rh7 Rg3 38. Kg1 c5 39. Rh6+
Kc7 40. Rxh4 c4 41. bxc4 bxc4 42. dxc4 Rc3 43. g4 Rxc2 44. Kf1 d3 45. Ke1 Re2+
46. Kd1 Rxe4 47. Rh7+ Kd6 48. Rh6+ Ke7 49. c5 Rc4 50. Rxa6 Rxc5 51. Ra4 Rc2 52.
Re4 Ke6 53. Re3 Rxa2 54. Rxd3 e4 55. Rb3 Ke5 56. Ke1 Kf4 57. Kf1 e3 58. Rb8 Kf3
59. Rf8+ Kg3 60. g5 Ra5 61. g6 Rg5 62. Rg8 Kxh3 63. g7 Kg4 64. Ke2 Rg6 65. Kxe3
Kg5 66. Kf3 Kf6 67. Kf4 Rxg7 68. Rxg7 Kxg7 1/2-1/2

[Event "V4 OPEN - International Championship of Slovakia 2
[Site "Banska Stiavnica"]
[Date "2013.07.13"]
[Round "8"]
[Board "35"]
[White "Cech, Dominik"]
[Black "Volcko, Richard"]
[Result "1-0"]
[WhiteElo "2094"]
[BlackElo "1766"]
[PlyCount "123"]
[EventDate "2013.07.06"]
[EventRounds "9"]
[EventCountry "SVK"]

1. e4 e5 2. Nf3 Nc6 3. Bb5 Bc5 4. O-O Nd4 5. Nxd4 Bxd4 6. c3 Bb6 7. d4 c6 8.
Ba4 d6 9. Na3 Nf6 10. Re1 O-O 11. Nc4 Bc7 12. Bc2 Re8 13. Bg5 Qe7 14. Qf3 Be6
15. d5 Bd7 16. dxc6 Bxc6 17. Ne3 Qe6 18. Nf5 d5 19. Bxf6 dxe4 20. Bxe4 Qxf6 21.
Rad1 Rad8 22. Qg4 Bxe4 23. Qxe4 Qc6 24. Rxd8 Bxd8 25. Qxc6 bxc6 26. Rd1 Bf6 27.
Kf1 Rd8 28. Rxd8+ Bxd8 29. Ke2 f6 30. Kd3 Kf7 31. Kc4 Bb6 32. f3 g6 33. Nd6+
Ke6 34. Ne4 Kf5 35. b4 g5 36. Ng3+ Kf4 37. Kd3 h6 38. a4 a6 39. Kd2 Ba7 40. Kd3
Bb6 41. c4 Ba7 42. Ne2+ Kf5 43. g4+ Ke6 44. Ke4 Bb6 45. Ng3 Bf2 46. Nf5 Be1 47.
b5 axb5 48. cxb5 cxb5 49. axb5 Ba5 50. Nxh6 Bd8 51. Nf5 Bb6 52. Ng3 Bd8 53. Ne2
Ba5 54. h3 Bb6 55. Nc3 Bd8 56. Nd5 Kd6 57. b6 Kc6 58. b7 Kxb7 59. Kf5 Kc6 60.
Nxf6 Kd6 61. Ne4+ Kd5 62. Nxg5 1-0

[Event "V4 OPEN - International Championship of Slovakia 2
[Site "Banska Stiavnica"]
[Date "2013.07.13"]
[Round "8"]
[Board "36"]
[White "Kotlowski, Tomasz"]
[Black "Pipiska, Adam"]
[Result "1-0"]
[WhiteElo "2063"]
[BlackElo "1676"]
[PlyCount "51"]
[EventDate "2013.07.06"]
[EventRounds "9"]
[EventCountry "SVK"]

1. c4 d6 2. g3 Nf6 3. Bg2 g6 4. Nc3 Bg7 5. d4 O-O 6. Nf3 Nbd7 7. O-O c5 8. b3
cxd4 9. Nxd4 Nb6 10. Bb2 d5 11. c5 Nbd7 12. b4 e6 13. Rc1 a5 14. a3 Ne5 15.
Ncb5 Nc4 16. Ba1 Qd7 17. e4 e5 18. exd5 exd4 19. c6 bxc6 20. dxc6 Qe8 21. Nc7
Qe7 22. Nxa8 Qa7 23. Qxd4 Qxa8 24. Qxc4 Ba6 25. b5 Bc8 26. b6 1-0

[Event "V4 OPEN - International Championship of Slovakia 2
[Site "Banska Stiavnica"]
[Date "2013.07.13"]
[Round "8"]
[Board "37"]
[White "Chovan, Milan"]
[Black "Milcova, Zuzana"]
[Result "0-1"]
[WhiteElo "1890"]
[BlackElo "2061"]
[PlyCount "84"]
[EventDate "2013.07.06"]
[EventRounds "9"]
[EventCountry "SVK"]

1. e4 d5 2. exd5 Qxd5 3. Nc3 Qd8 4. d4 Nf6 5. Nf3 c6 6. Bc4 Bf5 7. Ne5 e6 8. g4
Be4 9. Nxe4 Nxe4 10. Be3 Nd7 11. Nxf7 Kxf7 12. Qf3+ Ndf6 13. g5 Qa5+ 14. Kf1
Nxg5 15. Bxg5 Qxg5 16. Qb3 Nd5 17. Qxb7+ Be7 18. Qxc6 Rac8 19. Qa6 Qf5 20. Re1
Qh3+ 21. Ke2 Rc7 22. Kd1 Rhc8 23. Bb3 Rc6 24. Qxa7 R8c7 25. Qa4 Nb4 26. Re2 Qf3
27. Rhe1 Nxc2 28. Bxc2 Rxc2 29. Qb3 Rc1+ 30. Kd2 Bg5+ 31. Re3 Bxe3+ 32. Rxe3
Qxf2+ 33. Kd3 Qf1+ 34. Re2 Qd1+ 35. Qxd1 Rxd1+ 36. Ke3 Rd7 37. b4 R7xd4 38. Rb2
R1d3+ 39. Ke2 Rh3 40. Kf1 Rdh4 41. b5 Rxh2 42. Rb3 Rxa2 0-1

[Event "V4 OPEN - International Championship of Slovakia 2
[Site "Banska Stiavnica"]
[Date "2013.07.13"]
[Round "8"]
[Board "38"]
[White "Michalek, Matej"]
[Black "Haring, Viktor"]
[Result "0-1"]
[WhiteElo "1885"]
[BlackElo "2060"]
[PlyCount "58"]
[EventDate "2013.07.06"]
[EventRounds "9"]
[EventCountry "SVK"]

1. e4 e5 2. Nc3 Nf6 3. Bc4 Nxe4 4. Nxe4 d5 5. Bb3 dxe4 6. Ne2 Bg4 7. h3 Bh5 8.
g4 Bg6 9. Ng3 Nc6 10. c3 Bc5 11. Bc2 Qf6 12. O-O Qh4 13. Kg2 h5 14. Bxe4 O-O-O
15. b4 Bb6 16. Qf3 Kb8 17. a4 Bxe4 18. Nxe4 a5 19. b5 Ne7 20. g5 f5 21. gxf6
gxf6 22. Nxf6 Ng6 23. d3 Rhf8 24. Qg3 Rxf6 25. Bg5 Qxg3+ 26. fxg3 Rxf1 27. Rxf1
Rxd3 28. Rf6 Rd6 29. Rf7 e4 0-1

[Event "V4 OPEN - International Championship of Slovakia 2
[Site "Banska Stiavnica"]
[Date "2013.07.13"]
[Round "8"]
[Board "39"]
[White "Chmielewski, Jakub"]
[Black "Kleman, Miroslav"]
[Result "0-1"]
[WhiteElo "1880"]
[BlackElo "2207"]
[PlyCount "90"]
[EventDate "2013.07.06"]
[EventRounds "9"]
[EventCountry "SVK"]

1. Nf3 Nf6 2. g3 d6 3. Bg2 e5 4. d3 Be7 5. c4 O-O 6. Nc3 c6 7. O-O Re8 8. b4 d5
9. b5 d4 10. Nb1 Bc5 11. Nbd2 cxb5 12. cxb5 a6 13. Rb1 axb5 14. Rxb5 Bd6 15.
Nc4 Nc6 16. a4 Ra7 17. Qb3 Na5 18. Nxa5 Rxa5 19. Nd2 Rxb5 20. Qxb5 Bd7 21. Qxb7
Bxa4 22. Nc4 Bf8 23. Bg5 Bd7 24. Ra1 h6 25. Bd2 Bg4 26. Bc6 Bd7 27. Bf3 Bg4 28.
Bc6 Bd7 29. Bg2 Bg4 30. Kf1 Bf5 31. Qc6 e4 32. dxe4 Bxe4 33. Bxe4 Nxe4 34. Bf4
d3 35. exd3 Qxd3+ 36. Kg1 Rd8 37. Ne5 Qe2 38. Be3 Nxf2 39. Bxf2 Qxe5 40. Re1
Qb8 41. Rf1 Rd6 42. Qf3 Rf6 43. Qd5 Qc8 44. Re1 Qc2 45. Qd4 Rxf2 0-1